[Event "Madrid Villaverde op 12th"]
[Site "Madrid"]
[Date "2010.04.20"]
[Round "2"]
[White "Hernandez Mateo, Javier"]
[Black "Keller, August"]
[Result "1/2-1/2"]
[WhiteElo "1696"]
[BlackElo "1770"]
[PlyCount "95"]
[EventDate "2010.04.19"]
[EventType "swiss"]
[EventRounds "8"]
[EventCountry "ESP"]
[SourceTitle "CBM 136 Extra"]
[Source "ChessBase"]
[SourceDate "2010.07.02"]
[SourceVersion "2"]
[SourceVersionDate "2010.07.15"]
[SourceQuality "1"]

1. d4 Nf6 2. c4 c5 3. d5 d6 4. Nc3 g6 5. e4 Bg7 6. Nf3 Bg4 7. Be2 0-0 8. 0-0 Na6 9. a3 Nc7 10. Qc2 Bxf3 11. Bxf3 Nd7 12. Be2 e6 13. f4 exd5 14. exd5 Bd4+ 15. Kh1 f5 16. Bf3 Re8 17. Ne2 Bg7 18. Bd2 b5 19. b3 Bxa1 20. Rxa1 Nf6 21. Ng3 bxc4 22. bxc4 Na6 23. Qc3 Nb8 24. Bd1 Nbd7 25. Ba4 Rb8 26. Qd3 Qe7 27. Bc3 Qe3 28. Qc2 Qxf4 29. Bxf6 Nxf6 30. Bxe8 Rxe8 31. Rf1 Qe5 32. Kg1 Qe3+ 33. Kh1 Qxa3 34. Nxf5 gxf5 35. Qxf5 Qc3 36. g4 Qe5 37. Qxf6 Qxf6 38. Rxf6 Re4 39. Rxd6 Rxc4 40. Rd8+ Kf7 41. Rd7+ Kg6 42. Rxa7 Rxg4 43. d6 Rd4 44. Rc7 Rxd6 45. Rxc5 Rd2 46. Kg1 h5 47. h3 h4 48. Kh1 1/2-1/2